000 00273nam a22001337a 4500
008 170727b xxu||||| |||| 00| 0 eng d
020 _a9780072122947
041 _aeng
080 _a004
100 _a31
101 _aSHKI
245 _aASP
_cBUCZEK, G
942 _2udc
_cBK
999 _c22060
_d22060